| 000 | 00000nas##2200000za#4500 |
| 001 | 9.507778 |
| 003 | CaOODSP |
| 005 | 20241203113633 |
| 007 | cr ||||||||||| |
| 008 | 150406c1999||||xxc|| p o||||f| |0eng|d |
| 040 | |aCaOODSP|beng |
| 043 | |an-cn--- |
| 086 | 1 |aEn81-19E-PDF |
| 110 | 1 |aCanada. |bEnvironment Canada. |
| 245 | 10|aCompendium of monitoring activities conducted at disposal at sea sites ... / |h[electronic resource]|c[Issued by the] Disposal at Sea Program. |
| 260 | |aOttawa - Ontario : |bEnvironment Canada |cJune 2000--March 2008. |
| 310 | |aAnnual |
| 362 | 1 |a1999--2006/2007 |
| 690 | 07|aEnvironmental management|2gcpds |
| 690 | 07|aWaste management|2gcpds |
| 690 | 07|aWater management|2gcpds |
| 775 | 08|tCompendium des activités de surveillance de lieux d'immersion en mer ... / |w(CaOODSP)9.504157 |
| 775 | 08|tRecueil des activités de surveillance menées aux sites d'immersion en mer ... / |w(CaOODSP)9.504158 |